Guess The Artist/Band Based on 3 Albums - Statistics

General Stats
  • This quiz has been taken 65 times
    13 since last reset
  • The average score is 35 of 50
Answer Stats
Artist's Three Albums Artist % Correct
Be___cé, Lemonade, Renaissance Beyoncé
100%
The Slim Shady LP, The Marshall Mathers LP, The E____m Show Eminem
100%
Flower Boy, IGOR, CALL ME IF YOU GET LOST Tyler, The Creator
100%
Doo-Wops & Hooligans, Unorthodox Jukebox, 24K Magic Bruno Mars
92%
channel ORANGE, nostalgia, ULTRA, Blonde Frank Ocean
92%
The College Dropout, Late Registration, Graduation Kanye West
92%
good kid, m.A.A.d city, To Pimp A Butterfly, DAMN. Kendrick Lamar
92%
Thriller, Bad, Dangerous Michael Jackson
92%
Purple Rain, Around the World in a Day, Parade Prince
92%
The White Album, Abbey Road, Yellow Submarines The Beatles
92%
Rodeo, Birds in the Trap Sing McKnight, ASTROWORLD Travis Scott
92%
Me Against The World, All Eyez On Me, The Don Killuminati: The 7-Day Theory Tupac Shakur
92%
Illmatic, It Was Written, I Am... NaS
85%
The Dark Side of The Moon, Wish You Were Here, Animals Pink Floyd
85%
The Bends, OK Computer, Kid A Radiohead
85%
Revenge, 17, ? XXXTENTACION
85%
Dangerous Woman, Sweetener, Thank U, Next Ariana Grande
77%
When We All Fall Asleep, Where Do We Go?, Happier Than Ever, Hit Me Hard and Soft Billie Eilish
77%
Hunky Dory, The Rise and Fall of Ziggy Stardust, Aladdin Sane David Bowie
77%
Views, More Life, Scorpion Drake
77%
Red, 1989, Reputation Taylor Swift
77%
19, 21, 28 Adele
69%
YHLQMDLG, El Último Tour del Mundo, Un Verano Sin Ti Bad Bunny
69%
Multiply, Divide, Equals Ed Sheeran
69%
Ha__y St__es, Fine Line, Ha__y's House Harry Styles
69%
2014: Forest Hills Drive, 4 Your Eyez Only, KOD J. Cole
69%
Talk That Talk, Unapologetic, ANTI Rihanna
69%
Lonerism, Currents, The Slow Rush Tame Impala
69%
Beauty Behind the Madness, Starboy, After Hours The Weeknd
69%
Goodbye & Good Riddance, Death Race for Love, Legends Never Die Juice WRLD
62%
The Fame, Born This Way, Artpop Lady Gaga
62%
Aquemini, Stankonia, Speakerboxxx / The Love Below OutKast
62%
Ready to Die, Life After Death, Born Again The Notorious B.I.G.
62%
Debut, Post, Homogenic Björk
54%
C___la, Romance, Familia Camila Cabello
54%
Coloring Book, Acid Rap, The Big Day Chance The Rapper
54%
Adrenaline, Around the Fur, White Pony DEFTONES
54%
The Blueprint, The Blueprint 2, The Black Album JAY-Z
54%
One of the Boys, Teenage Dream, Prism Katy Perry
54%
K__n, Life Is Peachy, Follow The Leader Korn
54%
Stoney, Beerbongs & Bentleys, Hollywood's Bleeding Post Malone
54%
Vessel, Blurryface, Trench twenty-one pilots
54%
Monkey Business, The E.N.D., The Beginning Black Eyed Peas
46%
Mylo Xyloto, Ghost Stories, A Head Full Of Dreams Coldplay
46%
D__ L__a, Future Nostalgia, Radical Optimism Dua Lipa
46%
The Never Story, DiCaprio 2, The Forever Story JID
46%
Believe, Purpose, Changes Justin Bieber
46%
MONSTER, Beast Mode (with Zaytoven), DS2 Future
38%
Royalty, Heartbreak on a Full Moon, Indigo Chris Brown
31%
My Way, 8701, Confessions USHER
31%
No matching quizzes found
Score Distribution
Percent of People with Each Score
Percentile by Number Answered
Your Score History
You have not taken this quiz since the last reset